000 00660nam a2200241Ia 4500
003 OSt
005 20221005050212.0
006 a|||||r|||| 00| 0
007 ta
008 221004b |||||||| |||| 00| 0 mal d
024 _a57926
037 _cTextual
040 _aCRL
_cCRL
_bmal
041 _2mal
_amal
082 _aO32,6N171x6, N01
100 _aKrishna Warrior N.V.
_9594360
245 0 _aDlangal aazhangal
260 _aKottayam
_bD.C. Books India
_c1990
300 _a299p.
_ccm.
650 _aMALAYALAM LITERATURE
_938866
942 _hO32,6N171x6, N01
_cTEXL
_2cc
999 _c956487
_d956487